000 00354nam a2200145Ia 4500
003 OSt
005 20240311112722.0
008 170523s9999 xx 000 0 und d
020 _a978-8120340978
040 _cIIMT UNIVERSITY MEERUT
100 _aSaikia- M.D.
245 0 _aElements of Civil Engineering
260 _aNew Delhi : PHI
942 _2ddc
_c02
999 _c11705
_d11705